000 00818nac a22002537a 4500
001 BR0100802
003 BR-BrBNA
005 20240105122518.0
008 230509b bl.|||m| |||| 00| 0 por d
040 _aBR-BrBNA
_bpor
_cBiblioteca Nacional de Agricultura
072 _aE70
090 _aE70 BR0100802
110 1 _aMinisterio da Agricultura e do Abastecimento, Brasilia, DF (Brasil)
_96726
245 1 _aCalendario Oficial de Exposicoes e Feiras Agropecuarias 2001
260 3 _aBrasilia, DF (Brasil):
_c2001.
300 _a164 p.
490 _aCalendario Oficial de Exposicoes e Feiras Agropecuarias (Brazil)
_v
_x
500 _a15 illus.
650 _aFeira
650 _aExposicao Agricola
650 _aExposicao Pecuaria
909 _a202312
_bLúcia Elande
_c55
_dLúcia Elande
942 _2AGRIS
_n0
_cMS
999 _c291414
_d291414